| 000 | 01456nam a2200217 i 4500 | ||
|---|---|---|---|
| 001 | 23060 | ||
| 003 | ES-MaACL | ||
| 005 | 20250907063035.0 | ||
| 007 | t| | ||
| 008 | 021209m18241825sp ||||1| spa d | ||
| 100 | 1 |
_aAlvarado, Francisco, _d1756-1814 _920590 |
|
| 245 | 1 | 0 |
_aCartas críticas que escribió el Rmo. Padre Maestro Fr. Francisco Alvarado, del Orden de Predicadores : _bó sea El Filósofo Rancio, en las que ... se impugnan las doctrinas ... de los nuevos reformadores y se descubren sus perversos designios contra la Religión y el Estado ... ; tomo I [-tomo V]. |
| 260 |
_aMadrid : _b[s.n.], _c1824-25 ( _fE. Aguado) |
||
| 300 |
_a6 pt. en 5 t. ; _c21 cm. |
||
| 505 | 8 | _aSuplemento a las XLVII cartas del Filósofo Rancio : contiene un diálogo entre dos canonigos de Sevilla, y dos artículos comunicados al Procurador General del Rey de la Nacion / por el mismo autor , (en Tomo IV con portada y paginación propias) -- t. 5. Cartas filosóficas que bajo el supuesto nombre de Aristóteles / escribió ... Fray Francisco Alvarado conocido ya comunmente por el Filósofo rancio ... ; las da a luz con las cuarenta y siete anteriores el Rmo. Padre Vicario General del Órden de Santo Domingo | |
| 593 | _aFilósofo Rancio es seudónimo de Francisco Alvarado. | ||
| 596 | _aTomos I-II (1824) ; Tomos III-V (1825) | ||
| 650 | 0 | 4 |
_aLiberalismo- _zEspaña- _yS.XIX. _914390 |
| 852 |
_aES-MaACL _jG-1120-24 |
||
| 999 |
_c23060 _d23060 |
||